Ochrana osobných údajov v oblasti pracovnoprávnych vzťahov

Nový zákon č. 122/2013 Z. z. o ochrane osobných údajov a o zmene a doplnení niektorých zákonov s účinnosťou od 1.7.2013. Ako je chápaný zákonný termín "osobný údaj". Zásady spracúvania osobných údajov v zmysle uvedeného zákona. Práva dotknutej osoby, ktorej sa poskytnuté osobné údaje týkajú, voči pr...

Full description

Saved in:
Bibliographic Details
Main Author: Gejdošová, Slavomíra
Format: Book Chapter
Language:Slovak
Subjects:
Tags: Add Tag
No Tags, Be the first to tag this record!

MARC

LEADER 00000naa a2200000 4500
001 0193420
005 20231109104600.8
041 0 |a slo 
044 |a SK 
245 1 0 |a Ochrana osobných údajov v oblasti pracovnoprávnych vzťahov  |c Slavomíra Gejdošová 
520 |a Nový zákon č. 122/2013 Z. z. o ochrane osobných údajov a o zmene a doplnení niektorých zákonov s účinnosťou od 1.7.2013. Ako je chápaný zákonný termín "osobný údaj". Zásady spracúvania osobných údajov v zmysle uvedeného zákona. Práva dotknutej osoby, ktorej sa poskytnuté osobné údaje týkajú, voči prevádzkovateľovi. Sankcie za porušenie zákona. Úprava ochrany osobných údajov v pracovnej zmluve zamestnanca. 
610 2 0 |a vzťahy pracovnoprávne 
610 2 0 |a zamestnávatelia 
610 2 0 |a zamestnanci 
610 2 0 |a zmluvy pracovné 
610 2 0 |a legislatíva 
610 2 0 |a bezpečnosť 
610 2 0 |a ochrana údajov osobných 
100 1 |a Gejdošová, Slavomíra